Estatísticas para Os 15 principais países com mortes por Covid19 - 18 de maio

Clique aqui para jogar o quiz

Estatísticas Gerais

  • Esse quiz foi jogado 3 vezes
  • A pontuação média é 17 de 21

Estatísticas das Respostas

país% Correto
Alemanha
100%
Bélgica
100%
Brasil
100%
China
100%
Espanha
100%
Estados Unidos
100%
Itália
100%
México
100%
Países Baixos
100%
Reino Unido
100%
Suécia
100%
Suécia
100%
Turquia
100%
Canadá
67%
Equador
67%
França
67%
Irão
67%
Portugal
67%
Dinamarca
33%
Irlanda
33%
Suíça
33%

Distribuição das Pontuações

Percentil de Números Respondidos

Porcentagem de Pessoas com Cada Pontuação

Sua Pontuação Histórica

Você não jogou esse quiz